Historiaa kirjaimittain - M - Statistics

Yleistilastot
  • Tätä visaa on pelattu 1 551 kertaa
  • Keskiarvotulos 12 / 20
Vastaustilastot
Vihje Vastaus % Oikein
Suomen marsalkka ja kuudes presidentti Carl Gustaf Emil Mannerheim
96%
Muslimien mukaan hän oli viimeinen profeetta Muhammed
91%
Itävaltalainen ihmelapsi ja säveltäjä Wolfgang Amadeus Mozart
87%
Jopa puolet Euroopan väestöstä vuosina 1346–1353 tappanut kulkutauti Musta surma
84%
Kommunistisen manifeston kirjoittaja Karl Marx
75%
Kiinaa vuosina 1368–1644 hallinnut dynastia Ming
74%
Etelä-Afrikan ensimmäinen tummaihoinen presidentti Nelson Mandela
74%
Sikstuksen kappelin maalaaja Michelangelo
73%
Kuuluisa inkojen rakentama kaupunki Perussa Machu Picchu
71%
Maailman ensimmäinen teollistunut kaupunki Manchester
68%
Napoleon ei valloittanut mitään tätä kaupunkia idempiä alueita Moskova
65%
Toinen nimi Kaksoisvirtainmaalle Mesopotamia
60%
Joseph Smithin vuonna 1830 perustama uskonnollinen liike Mormonismi
56%
Neuvostoliittolainen politiikko, joka allekirjoitti hyökkäämättömyyssopimuksen Natsi-Saksan kanssa Vjatšeslav Molotov
56%
Tarkasta kalenteristaan tunnettu muinainen sivilisaatio Mesoamerikassa Mayat
55%
Yhdysvaltain perustama ohjelma ydinaseen kehittämiseksi Manhattan-projekti
45%
Vaikutusvaltainen firenzeläinen suku, josta tuli useita paaveja Medici
28%
Espanjaa hallinnut muslimiryhmä Maurit
24%
Englannin "suuri peruskirja" vuodelta 1215 Magna Carta
23%
Italialainen radion keksijä Guglielmo Marconi
14%
Ehtoja vastaavia visoja ei löytynyt
Tulosjakauma
Jokaisen tuloksen saaneiden osuus
Persentiili vastausten määrän mukaan
Tuloshistoriasi
Et ole pelannut tätä visaa